000 00908cam a22002651 4500
001 gs 26000005
003 DLC
005 20260227111330.0
008 791029s1925 dcuabf f000 0 eng
010 _ags 26000005
035 _a(OCoLC)5621026
040 _aDLC
_cNFredU
_dDLC
050 0 0 _aQE75
_b.B9 no. 767
051 _aTN805.N6
_bS4
_cCopy 2.
100 1 _aSears, Julian D.
_q(Julian Ducker),
_d1891-
245 1 0 _aGeology and coal resources of the Gallup-Zuni basin, New Mexico,
_cby Julian D. Sears.
260 _aWashington,
_bGovt. print. off.,
_c1925.
300 _av, 53 p.
_bincl. XXIV pl., maps, tables, diagrs.
_c23 cm.
490 0 _aU.S. Geological survey. Bulletin
_v767
500 _aAt head of title: Department of the interior.
650 0 _aGeology
_zNew Mexico.
650 0 _aCoal mines and mining
_zNew Mexico.
650 0 _aCoal
_zNew Mexico.
740 0 _aGallup-Zuni basin, N.M.
999 _c26427
_d26427